Billboard Hot 100 #1 Hits of 1994 - Statistics

General Stats
  • This quiz has been taken 10 times
  • The average score is 30 of 53
Answer Stats
Issue Date #1 Hit Artist % Correct
March 12 The Sign Ace of Base
80%
March 19 The Sign Ace of Base
80%
March 26 The Sign Ace of Base
80%
April 2 The Sign Ace of Base
80%
May 7 The Sign Ace of Base
80%
May 14 The Sign Ace of Base
80%
January 1 Hero Mariah Carey
70%
January 8 Hero Mariah Carey
70%
January 15 Hero Mariah Carey
70%
August 27 I'll Make Love to You Boyz II Men
70%
September 3 I'll Make Love to You Boyz II Men
70%
September 10 I'll Make Love to You Boyz II Men
70%
September 17 I'll Make Love to You Boyz II Men
70%
September 24 I'll Make Love to You Boyz II Men
70%
October 1 I'll Make Love to You Boyz II Men
70%
October 8 I'll Make Love to You Boyz II Men
70%
October 15 I'll Make Love to You Boyz II Men
70%
October 22 I'll Make Love to You Boyz II Men
70%
October 29 I'll Make Love to You Boyz II Men
70%
November 5 I'll Make Love to You Boyz II Men
70%
November 12 I'll Make Love to You Boyz II Men
70%
November 19 I'll Make Love to You Boyz II Men
70%
November 26 I'll Make Love to You Boyz II Men
70%
January 22 All for Love Bryan Adams, Rod Stewart & Sting
60%
January 29 All for Love Bryan Adams, Rod Stewart & Sting
60%
February 5 All for Love Bryan Adams, Rod Stewart & Sting
60%
December 17 Here Comes the Hotstepper Ini Kamoze
60%
December 24 Here Comes the Hotstepper Ini Kamoze
60%
May 21 I Swear All-4-One
50%
May 28 I Swear All-4-One
50%
June 4 I Swear All-4-One
50%
June 11 I Swear All-4-One
50%
June 18 I Swear All-4-One
50%
June 25 I Swear All-4-One
50%
July 2 I Swear All-4-One
50%
July 9 I Swear All-4-One
50%
July 16 I Swear All-4-One
50%
July 23 I Swear All-4-One
50%
July 30 I Swear All-4-One
50%
August 6 Stay (I Missed You) Lisa Loeb & Nine Stories
50%
August 13 Stay (I Missed You) Lisa Loeb & Nine Stories
50%
August 20 Stay (I Missed You) Lisa Loeb & Nine Stories
50%
December 3 On Bended Knee Boyz II Men
40%
December 10 On Bended Knee Boyz II Men
40%
December 31 On Bended Knee Boyz II Men
40%
February 12 The Power of Love Céline Dion
30%
February 19 The Power of Love Céline Dion
30%
February 26 The Power of Love Céline Dion
30%
March 5 The Power of Love Céline Dion
30%
April 9 Bump n' Grind R. Kelly
20%
April 16 Bump n' Grind R. Kelly
20%
April 23 Bump n' Grind R. Kelly
20%
April 30 Bump n' Grind R. Kelly
20%
No matching quizzes found
Score Distribution
Percent of People with Each Score
Percentile by Number Answered
Your Score History
You have not taken this quiz